000 00646nam a2200265Ia 4500
005 20260306163614.0
008 008 260114s9999 xx 000 0 eng d
020 _a9780252051654
037 _aEBOOK
040 _aCRL
040 _beng
040 _cCRL
041 _2eng
041 _aeng
084 _qCRL
100 _aBost
_91128981
245 0 _aShared Selves: Latinx Memoir And Ethical Alternatives To Humanism
260 _bUniversity of Illinois Press
260 _c2020
650 _aSocial Work
856 _uhttps://academic.oup.com/book/35896
942 _cEBOOK
999 _c1710768
_d1710768